<?xml version="1.0" encoding="UTF-8"?><?xml-stylesheet type="text/xsl" href="static/style.xsl"?><OAI-PMH xmlns="http://www.openarchives.org/OAI/2.0/" xmlns:xsi="http://www.w3.org/2001/XMLSchema-instance" xsi:schemaLocation="http://www.openarchives.org/OAI/2.0/ http://www.openarchives.org/OAI/2.0/OAI-PMH.xsd"><responseDate>2026-04-17T20:39:01Z</responseDate><request verb="GetRecord" identifier="oai:riubu.ubu.es:10259/4545" metadataPrefix="marc">https://riubu.ubu.es/oai/request</request><GetRecord><record><header><identifier>oai:riubu.ubu.es:10259/4545</identifier><datestamp>2024-05-13T07:25:18Z</datestamp><setSpec>com_10259_2699</setSpec><setSpec>col_10259_2717</setSpec></header><metadata><record xmlns="http://www.loc.gov/MARC21/slim" xmlns:doc="http://www.lyncode.com/xoai" xmlns:xsi="http://www.w3.org/2001/XMLSchema-instance" xmlns:dcterms="http://purl.org/dc/terms/" xsi:schemaLocation="http://www.loc.gov/MARC21/slim http://www.loc.gov/standards/marcxml/schema/MARC21slim.xsd">
<leader>00925njm 22002777a 4500</leader>
<datafield tag="042" ind1=" " ind2=" ">
<subfield code="a">dc</subfield>
</datafield>
<datafield tag="720" ind1=" " ind2=" ">
<subfield code="a">Díaz Roldán, José Luis</subfield>
<subfield code="e">author</subfield>
</datafield>
<datafield tag="260" ind1=" " ind2=" ">
<subfield code="c">2016</subfield>
</datafield>
<datafield tag="520" ind1=" " ind2=" ">
<subfield code="a">Conocer la contribución que las Empresas extranjeras maquiladoras, ahora Industria Manufacturera, Maquiladora y de Servicios de Exportación (IMMEX) aportan a México. En la actualidad hay más de 5,000 empresas, generan 2´300,000 fuentes de trabajo directo, INEGI (2015). Aprovechando la integración económica y su situación geográfica del país continúan instalándose más.&#xd;
La IMMEX tiene su twin en el extranjero, por tal, un alto porcentaje de su producción se exporta. Son empresas globalizadas, favorecen así al país ingresando  divisas.&#xd;
Para el caso de Nuevo Laredo, identificar el sector IMMEX que prodiga  conocimiento, capacita y adiestramiento al personal, permitiendo así, conocer y manipular tecnología de última generación. &#xd;
La investigación y desarrollo propicia valor agregado, induce a innovar productos, las twins transfieren esa tecnología a su IMMEX.&#xd;
La competitiva y desarrollo se sustenta implantando procesos productivos y normas medio ambientales, ofreciendo seguridad dentro y fuera de la empresa, para identificase como Empresa Socialmente Responsable.</subfield>
</datafield>
<datafield tag="024" ind2=" " ind1="8">
<subfield code="a">http://hdl.handle.net/10259/4545</subfield>
</datafield>
<datafield tag="024" ind2=" " ind1="8">
<subfield code="a">10.36443/10259/4545</subfield>
</datafield>
<datafield ind1=" " ind2=" " tag="653">
<subfield code="a">Conocimiento</subfield>
</datafield>
<datafield ind1=" " ind2=" " tag="653">
<subfield code="a">Competitividad</subfield>
</datafield>
<datafield ind1=" " ind2=" " tag="653">
<subfield code="a">Capacitación</subfield>
</datafield>
<datafield ind1=" " ind2=" " tag="653">
<subfield code="a">Tecnología</subfield>
</datafield>
<datafield ind1=" " ind2=" " tag="653">
<subfield code="a">Prevención ambiental</subfield>
</datafield>
<datafield ind1=" " ind2=" " tag="653">
<subfield code="a">Knowledge</subfield>
</datafield>
<datafield ind1=" " ind2=" " tag="653">
<subfield code="a">Competitiveness</subfield>
</datafield>
<datafield ind1=" " ind2=" " tag="653">
<subfield code="a">Training</subfield>
</datafield>
<datafield ind1=" " ind2=" " tag="653">
<subfield code="a">Technology</subfield>
</datafield>
<datafield ind1=" " ind2=" " tag="653">
<subfield code="a">Environmental prevention</subfield>
</datafield>
<datafield tag="245" ind1="0" ind2="0">
<subfield code="a">Análisis y valoración del capital intelectual desarrollado por las maquiladoras del norte de Tamaulipas, México: el caso de Nuevo Laredo</subfield>
</datafield>
</record></metadata></record></GetRecord></OAI-PMH>